000 00783nmm a2200253 a 4500
001 ocm000655844
003 TR-IsHL
005 20201028132936.0
008 131030s1997 tu eng
007 cr cn
020 _a9789757215202
035 _a655844
_b(N$T)
050 0 4 _aHC240.4
_b.I67 1997
090 0 4 _aHC240.4
_b.I67 1997
245 1 0 _aInternational Business Forum: country profiles
_h[electronic resource]
260 _aAnkara :
_bMÜSİAD,
_c1997
300 _a56 p.
650 4 _aDil ve Edebiyat
650 4 _aLanguage and Literature
650 0 _aÜlke profilleri
650 0 _aCountry profiles
650 7 _aBUSINESS & ECONOMICS / General
_2bisacsh
856 4 0 _uhttp://search.ebscohost.com/login.aspx?direct=true&scope=site&db=e011xww&AN=655844
999 _c5367
_d5367